000 00792nam a2200265 a 4500
001 73691
003 BD-RjUL
005 20211209082431.0
008 170606r19711969enkk 001 0 eng d
020 _a0723105049 (Part ii)
035 _a(BD-RjUL)73909
040 _aUKM
_cUKM
_dBD-RjUL
_beng
041 _aeng
082 _a657
_223
_bFAP 1971
100 1 _aFavell, A. J
_9218118
245 1 0 _aPractical bookkeeping and accounts /
_cA. J. Favell
250 _a6th (decimal) ed.
260 _aLondon :
_bUniversity Tutorial Press,
_c1969, [reprinted 1971]
300 _a420 p. :
_bill. ;
_c23 cm.
500 _aPrevious ed. (B61-14465) 1961
505 0 _apt.1---pt.2-----
650 0 _aBookkeeping
_xHandbooks, manuals, etc.
_9218119
650 0 _aAccounting
_9218120
942 _2ddc
_cBK
999 _c73691
_d73691